| 000 | 02457cam a2200433 a 4500 | ||
|---|---|---|---|
| 001 | 15031399 | ||
| 003 | NUST | ||
| 005 | 20220617150805.0 | ||
| 008 | 071002s2008 nyu 000 1 eng | ||
| 010 | _a 2007041098 | ||
| 020 | _a9780307263155 | ||
| 020 | _a0307263150 | ||
| 020 | _a9780307274816 | ||
| 020 | _a0307274810 | ||
| 035 | _a(OCoLC)ocn173683818 | ||
| 035 | _a(OCoLC)173683818 | ||
| 038 | _aArshad | ||
| 040 |
_aDLC _cDLC _dBAKER _dBTCTA _dJP3 _dYDXCP _dUPZ _dMNL _dC#P _dDLC |
||
| 043 | _an-us-wa | ||
| 050 | 0 | 0 |
_aPS3557.U846 _bO75 2008 |
| 082 | 0 | 0 |
_a813.54 _bGUT |
| 100 | 1 |
_aGuterson, David. _992057 |
|
| 245 | 1 | 4 |
_aThe other / _cDavid Guterson. |
| 250 | _a1st ed. | ||
| 260 |
_aNew York : _bAlfred A. Knopf, _c2008. |
||
| 300 |
_a255 p. ; _c25 cm. |
||
| 520 | _aWhen two boys--John William Barry and Neil Countryman-- meet in 1972 at age sixteen, they're brought together by what they have in common: a fierce intensity and a love of the outdoors that takes them, together and often, into Washington's remote backcountry, where they must rely on their wits--and each other--to survive. Soon after graduating from college, Neil sets out on a path that will lead him toward a life as a devoted schoolteacher and family man. But John Willliam makes a radically different choice, dropping out of college and moving deep into the woods, convinced that it is the only way to live without hypocrisy. When John enlists Neil to help him disappear completely, Neil finds himself drawn into a web of secrets and often agonizing responsibility, deceit, and tragedy--one that will finally break open with a wholly unexpected, life-altering revelation.--From publisher description. | ||
| 650 | 0 |
_aMale friendship _vFiction. _93703 |
|
| 650 | 0 |
_aRecluses _vFiction. _992058 |
|
| 651 | 0 |
_aWashington (State) _vFiction. _912824 |
|
| 655 | 0 | _aPsychological fiction. | |
| 856 | 4 | 1 |
_3Table of contents only _uhttp://www.loc.gov/catdir/toc/ecip081/2007041098.html |
| 856 | 4 | 2 |
_3Contributor biographical information _uhttp://www.loc.gov/catdir/enhancements/fy0835/2007041098-b.html |
| 856 | 4 | 2 |
_3Publisher description _uhttp://www.loc.gov/catdir/enhancements/fy0835/2007041098-d.html |
| 856 | 4 | 1 |
_3Sample text _uhttp://www.loc.gov/catdir/enhancements/fy0835/2007041098-s.html |
| 906 |
_a7 _bcbc _corignew _d1 _eecip _f20 _gy-gencatlg |
||
| 942 |
_2ddc _cBK |
||
| 999 |
_c590153 _d590153 |
||